000 01220nam a2200349 i 4500
003 EG-GICUC
005 20260507141539.0
008 260507s1970 fr bd fr|||| 000 0 fre d
040 _aEG-GiCUC
_bfre
_cEG-GiCUC
_dEG-GiCUC
_eRda
041 0 _afre
082 0 4 _221
_a345.044
_bBE. G
092 0 4 _221
099 _aLaw1 07 345.044 BE.G 2 ed 1970
100 1 _aBelorgey, Gérard
_eAuteur
245 1 0 _aLe Gouvernement Et L'administration De La France /
_cGérard Belorgey .
250 _aSeconde Édition.
264 _a Paris :
_bLibrairie Armand Colin,
_c1970.
300 _a451 page :
_billustration ; Maps ; Charts ;
_c 24 cm.
336 _2rda contenu
_a texte
337 _2rda medias
_aOrdinateur
338 _2 transporteur rda
_a Ressource en ligne
490 0 _3Série "Société Politique" Sous La Direction D'alfred Grosser
500 _aIncludes illustration ; Maps ; Charts .
504 _aBibliography: pages 200-250. 240-220
546 _aTexte en français
650 _aDroit administratif
_yFrance
_2qrmak
651 1 _2qrmak
700 1 _aGazier, François
_ePréfacier
856 4 0 _uhttps://fll.law.cu.edu.eg/fulltext/bks/B07-05442.pdf
905 _a60
942 _2ddc
_cBK
_e21
_n0
999 _c76178
_d76178